Yazoo County mineral resources: Geology, (Record no. 27617)

MARC details
000 -LEADER
fixed length control field 01071cam a22002891 4500
001 - CONTROL NUMBER
control field gs 40000076
003 - CONTROL NUMBER IDENTIFIER
control field DLC
005 - DATE AND TIME OF LATEST TRANSACTION
control field 20260227111345.0
008 - FIXED-LENGTH DATA ELEMENTS--GENERAL INFORMATION
fixed length control field 780225s1940 msuab b 000 0 eng c
010 ## - LIBRARY OF CONGRESS CONTROL NUMBER
LC control number gs 40000076
035 ## - SYSTEM CONTROL NUMBER
System control number (OCoLC)3668278
040 ## - CATALOGING SOURCE
Original cataloging agency U.S. Geol. Survey Library
Transcribing agency OT
Modifying agency OCoLC
-- DLC
050 00 - LIBRARY OF CONGRESS CALL NUMBER
Classification number QE129
Item number .A2 no. 39
051 ## - LIBRARY OF CONGRESS COPY, ISSUE, OFFPRINT STATEMENT
Classification number TN24.M7
Item number A5 1940
082 ## - DEWEY DECIMAL CLASSIFICATION NUMBER
Classification number 557.62
100 1# - MAIN ENTRY--PERSONAL NAME
Personal name Mellen, Frederic Francis,
Dates associated with a name 1911-
245 10 - TITLE STATEMENT
Title Yazoo County mineral resources: Geology,
Statement of responsibility, etc. by Frederic Francis Mellen; Tests, by Thomas Edwin McCutcheon.
260 ## - PUBLICATION, DISTRIBUTION, ETC.
Place of publication, distribution, etc. University,
Date of publication, distribution, etc. 1940.
300 ## - PHYSICAL DESCRIPTION
Extent 132 p.
Other physical details illus., fold maps, tables,
Dimensions 23 cm.
410 20 - SERIES STATEMENT/ADDED ENTRY--CORPORATE NAME [OBSOLETE, CAN/MARC], [LOCAL, USA]
Corporate name or jurisdiction name as entry element Mississippi State Geological Survey.
Title of a work Bulletin
Volume number/sequential designation no. 39
500 ## - GENERAL NOTE
General note At head of title: Mississippi State Geological Survey.
504 ## - BIBLIOGRAPHY, ETC. NOTE
Bibliography, etc. note "References": p. 72.
650 #0 - SUBJECT ADDED ENTRY--TOPICAL TERM
Topical term or geographic name entry element Mines and mineral resources
Geographic subdivision Mississippi
-- Yazoo County.
650 #0 - SUBJECT ADDED ENTRY--TOPICAL TERM
Topical term or geographic name entry element Geology
Geographic subdivision Mississippi
-- Yazoo County.
700 1# - ADDED ENTRY--PERSONAL NAME
Personal name McCutcheon, Thomas Edwin.
710 2# - ADDED ENTRY--CORPORATE NAME
Corporate name or jurisdiction name as entry element Mississippi Geological, Economic, and Topographical Survey.

No items available.

Powered by Koha